00670nam a2200193Ia 45000030006000000050017000060080041000230400009000640410012000730820017000851000009001022450131001112600009002423000008002519420007002599990017002669520098002839520095003810Nust20170105110301.0161124s9999 xx 000 0 und d cIGIS aEnglish a910.285bESR aESRI aGovernment of pakistan ministry of Food and Agriculture Soil Survey of Pakistan Reconnaissance Soil Survery RAHIMYAR KHAN 1972 c2004 a147 cBK c31179d31179 001040708TextaIGISbIGISd0000-00-00l0o910.285ESRpIGIS1087r2017-01-05w0000-00-00yBK 00102ddc4070aNITbNITd2017-03-06l0o631.47 RECpNIT-8068r2017-03-06w2017-03-06yBK